Statistics for Wonky Word Clicking - C

Click here to take the quiz!

General Stats

  • This quiz has been taken 208 times
  • The average score is 11 of 15

Answer Stats

HintAnswer% Correct
Carbuncle
84%
Cumberbund
84%
Conundrum
83%
Claptrap
83%
Cantankerous
81%
Chicanery
77%
Circumflex
77%
Churlish
77%
Codswollop
76%
Curmudgeon
75%
Cocksure
74%
Cassowary
73%
Coelacanth
61%
Copacetic
53%
Callipygian
45%

Score Distribution

Percentile by Number Answered

Percent of People with Each Score

Your Score History

You have not taken this quiz